[Event "4NCL Division Three East"]
[Site "Daventry, ENG"]
[Date "2023.01.08"]
[Round "4.25"]
[White "Alcock, Graham P"]
[Black "Shepley, Julien M"]
[Result "0-1"]
[WhiteElo "1758"]
[BlackElo "1968"]
[PlyCount "53"]
[EventDate "2023.01.08"]
[WhiteTeam "Surbiton"]
[BlackTeam "Guildford Castles"]

1. e4 d5 2. exd5 Qxd5 3. Nf3 Bg4 4. Be2 Nc6 5. h3 Bh5 6. Nc3 Qd7 7. d3 O-O-O 8.
Bf4 f6 9. g4 Bf7 10. a3 e5 11. Be3 Nge7 12. Qd2 Nd4 13. Ne4 Nec6 14. Nxd4 Nxd4
15. Bxd4 exd4 16. O-O-O Qa4 17. Rdf1 Be7 18. Qf4 Rd5 19. Nc3 g5 20. Qe4 Qd7 21.
Bf3 dxc3 22. bxc3 Bxa3+ 23. Kd2 Re8 24. Qxh7 Qd6 25. c4 Qf4+ 26. Kc3 Qd4+ 27.
Kd2 0-1

[Event "4NCL Division Three East"]
[Site "Daventry, ENG"]
[Date "2023.01.08"]
[Round "4.26"]
[White "Stimpson, Philip M"]
[Black "Boughen, Andrew"]
[Result "1/2-1/2"]
[WhiteElo "1926"]
[BlackElo "1706"]
[PlyCount "33"]
[EventDate "2023.01.08"]
[WhiteTeam "Guildford Castles"]
[BlackTeam "Surbiton"]

1. d4 Nf6 2. Nc3 d5 3. Bf4 Bf5 4. f3 Nc6 5. g4 Bg6 6. a3 e6 7. h4 h5 8. g5 Ng8
9. e3 Bd6 10. Nh3 Nge7 11. Bd3 Nf5 12. Bxf5 Bxf5 13. Qd2 a6 14. O-O-O Qe7 15.
Bxd6 cxd6 16. Nf4 O-O-O 17. b3 1/2-1/2

[Event "4NCL Division Three East"]
[Site "Daventry, ENG"]
[Date "2023.01.08"]
[Round "4.31"]
[White "Nelson, Omowale"]
[Black "Salmons, Calum"]
[Result "0-1"]
[WhiteElo "1995"]
[BlackElo "1989"]
[PlyCount "47"]
[EventDate "2023.01.08"]
[WhiteTeam "Watford A"]
[BlackTeam "Sussex Martlets 2"]

1. d4 d5 2. c4 c6 3. Nf3 Nf6 4. Nc3 e6 5. g3 Nbd7 6. Bg2 dxc4 7. a4 a5 8. O-O
Bb4 9. Qc2 O-O 10. Rd1 Qe7 11. Nd2 Nb6 12. Nce4 Bxd2 13. Bxd2 Nfd5 14. Ng5 Nf6
15. e4 h6 16. Nf3 Rd8 17. b3 cxb3 18. Qxb3 Nbd7 19. Ne1 e5 20. d5 Nc5 21. Qc4
Ncxe4 22. d6 Qe6 23. Qc1 Qxd6 24. Bf3 0-1

[Event "4NCL Division Three East"]
[Site "Daventry, ENG"]
[Date "2023.01.08"]
[Round "4.32"]
[White "Graham, William M"]
[Black "Van Essen, Luuk"]
[Result "1-0"]
[WhiteElo "1995"]
[BlackElo "1965"]
[PlyCount "75"]
[EventDate "2023.01.08"]
[WhiteTeam "Sussex Martlets 2"]
[BlackTeam "Watford A"]

1. c4 e5 2. g3 Nf6 3. Bg2 c6 4. d4 exd4 5. Qxd4 d5 6. Nc3 Be6 7. cxd5 cxd5 8.
Bf4 Nc6 9. Qa4 Bc5 10. e3 O-O 11. Nge2 h6 12. h4 Ng4 13. Rd1 Qf6 14. Bxd5 Nce5
15. O-O Bxd5 16. Nxd5 Nf3+ 17. Kg2 Nxh4+ 18. gxh4 Qxh4 19. Qb3 Rae8 20. Bg3 Qg5
21. Nd4 h5 22. Nf3 Qh6 23. Bf4 Qg6 24. Bg3 Bd6 25. Qd3 Qe6 26. Nf4 Bxf4 27.
Bxf4 Nf6 28. Bg3 Qg4 29. Rh1 g5 30. Qb5 Ne4 31. Nh2 Qe6 32. Qd5 Qf6 33. Rd4
Nxg3 34. Kxg3 Re5 35. Qf3 h4+ 36. Kg2 Rf5 37. Qe2 Re8 38. Ng4 1-0

[Event "4NCL Division Three East"]
[Site "Daventry, ENG"]
[Date "2023.01.08"]
[Round "4.33"]
[White "Rubeck, Jonathan"]
[Black "Hedger, Alec"]
[Result "1-0"]
[WhiteElo "1907"]
[BlackElo "1968"]
[PlyCount "65"]
[EventDate "2023.01.08"]
[WhiteTeam "Watford A"]
[BlackTeam "Sussex Martlets 2"]

1. e4 c5 2. c3 Nf6 3. e5 Nd5 4. d4 cxd4 5. cxd4 d6 6. Nf3 Nc6 7. Bc4 Nb6 8. Bb5
d5 9. Nc3 Bg4 10. h3 Bh5 11. g4 Bg6 12. e6 f6 13. O-O Qd6 14. Re1 h5 15. g5 Bf5
16. Nh4 Bxe6 17. Ng6 Rh7 18. Qd3 f5 19. Bf4 Qd7 20. Ne5 Qc8 21. Rac1 Nc4 22.
Nxc4 dxc4 23. Qe2 Bd7 24. Qxc4 g6 25. Nd5 Rg7 26. Nf6+ Kd8 27. Nxd7 Qxd7 28. d5
a6 29. Bxc6 bxc6 30. dxc6 Qc8 31. c7+ Ke8 32. Qc6+ Kf7 33. Qxa8 1-0

[Event "4NCL Division Three East"]
[Site "Daventry, ENG"]
[Date "2023.01.08"]
[Round "4.34"]
[White "Nguyen, Anh"]
[Black "Taylor, Alistair"]
[Result "1-0"]
[WhiteElo "1744"]
[BlackElo "1895"]
[PlyCount "65"]
[EventDate "2023.01.08"]
[WhiteTeam "Sussex Martlets 2"]
[BlackTeam "Watford A"]

1. e4 g6 2. Nc3 d6 3. g3 a6 4. Bg2 Bg7 5. d3 c5 6. f4 Nc6 7. Nf3 Bg4 8. h3 Bxf3
9. Bxf3 e6 10. O-O Nge7 11. Be3 O-O 12. Rb1 Nd4 13. Bg2 Nec6 14. a3 a5 15. Ne2
Nxe2+ 16. Qxe2 Nd4 17. Qf2 e5 18. f5 f6 19. c3 Nb3 20. h4 a4 21. fxg6 hxg6 22.
g4 g5 23. Bf3 Rc8 24. Kg2 gxh4 25. Qxh4 Kf7 26. g5 Rg8 27. Bg4 Rh8 28. Bh5+ Ke6
29. Qg4+ Ke7 30. gxf6+ Bxf6 31. Rxf6 Qg8 32. Bg5 Rxh5 33. Rg6+ 1-0

[Event "4NCL Division Three East"]
[Site "Daventry, ENG"]
[Date "2023.01.08"]
[Round "4.35"]
[White "Lancaster, Roger"]
[Black "Airlie, Arran"]
[Result "0-1"]
[WhiteElo "1956"]
[BlackElo "1782"]
[PlyCount "70"]
[EventDate "2023.01.08"]
[WhiteTeam "Watford A"]
[BlackTeam "Sussex Martlets 2"]

1. e4 c6 2. Nc3 d5 3. Qf3 dxe4 4. Nxe4 Nd7 5. d4 Ngf6 6. Ng3 Nb6 7. c3 e6 8.
Bd3 Be7 9. N1e2 Nbd5 10. O-O O-O 11. c4 Nb4 12. Bb1 c5 13. Rd1 Nc6 14. d5 exd5
15. cxd5 Ne5 16. Qb3 Qc7 17. Qc2 g6 18. b4 c4 19. Qc3 Bd6 20. Be3 b6 21. Be4
Bd7 22. f4 Neg4 23. Bd4 Nxe4 24. Nxe4 Rfe8 25. Nxd6 Qxd6 26. Rd2 Nh6 27. Be5
Qe7 28. Rf1 Ng4 29. Bd4 f5 30. h3 Ne3 31. Rf3 Nxd5 32. Qxc4 Be6 33. Qb5 Qxb4
34. Qd3 Rad8 35. Qb3 Qxd2 0-1

[Event "4NCL Division Three East"]
[Site "Daventry, ENG"]
[Date "2023.01.08"]
[Round "4.36"]
[White "Buckland, Louis"]
[Black "Keerthi Kumar, Advait"]
[Result "1-0"]
[WhiteElo "1638"]
[BlackElo "1640"]
[PlyCount "133"]
[EventDate "2023.01.08"]
[WhiteTeam "Sussex Martlets 2"]
[BlackTeam "Watford A"]

1. d4 Nf6 2. Bg5 g6 3. Bxf6 exf6 4. e3 Bg7 5. c4 f5 6. Nc3 O-O 7. Nf3 b6 8. Be2
Bb7 9. O-O d6 10. Qc2 Nd7 11. a4 a5 12. Nb5 Be4 13. Qd2 Nf6 14. d5 Bxf3 15.
Bxf3 Nd7 16. Ra2 Nc5 17. b4 axb4 18. Qxb4 Ra5 19. Nd4 Bxd4 20. exd4 Na6 21. Qc3
Qf6 22. Re1 Nc5 23. Bd1 Ne4 24. Qe3 Qg5 25. Qxg5 Nxg5 26. f3 Rfa8 27. h4 Nxf3+
28. gxf3 Kf8 29. Rae2 h5 30. Re7 R5a7 31. Kg2 Rd8 32. Bb3 Rb7 33. Kg3 Kg7 34.
Re8 Rxe8 35. Rxe8 Kf6 36. Ra8 Ke7 37. Kf4 Kf6 38. Bc2 Kg7 39. Kg5 f6+ 40. Kf4
Kf7 41. Rd8 Ra7 42. Rd7+ Kf8 43. Ke3 g5 44. hxg5 fxg5 45. Rh7 g4 46. Rxh5 gxf3
47. Rxf5+ Ke7 48. Rxf3 Kd7 49. Rf7+ Kc8 50. Kd3 Kb7 51. Kc3 Ra8 52. Kb4 Rh8 53.
a5 Rh4 54. a6+ Kxa6 55. Rxc7 Rxd4 56. Ba4 b5 57. Bxb5+ Kb6 58. Rc6+ Kb7 59.
Rxd6 Kc7 60. Kc5 Rh4 61. Rd7+ Kb8 62. Kc6 Rh6+ 63. d6 Rh8 64. Rb7+ Ka8 65. Rb6
Rh6 66. Kc7 Ka7 67. Ra6# 1-0

[Event "4NCL Division Three East"]
[Site "Daventry, ENG"]
[Date "2023.01.08"]
[Round "4.41"]
[White "Starley, Robert"]
[Black "Tippleston, Charles E"]
[Result "1-0"]
[WhiteElo "2013"]
[BlackElo "2070"]
[PlyCount "133"]
[EventDate "2023.01.08"]
[WhiteTeam "Cambridge University 2"]
[BlackTeam "MK Phoenix 1"]

1. e4 c5 2. Nf3 Nc6 3. Bb5 g6 4. Bxc6 dxc6 5. d3 Bg7 6. h3 Nf6 7. Nc3 O-O 8.
O-O Nd7 9. Be3 e5 10. Qd2 Qe7 11. Bh6 f6 12. a4 Re8 13. Bxg7 Kxg7 14. Nh2 Nf8
15. f4 exf4 16. Qxf4 Ne6 17. Qf2 Rf8 18. Rae1 Nd4 19. Nd1 Bd7 20. Ne3 Qd6 21.
Nc4 Qc7 22. c3 Ne6 23. Qe3 b5 24. Nd2 h5 25. Nhf3 Qg3 26. Rf2 Qf4 27. Qe2 Qc7
28. Ref1 Nf4 29. Qe3 Rae8 30. Ne1 g5 31. Qxc5 Bxh3 32. Rxf4 gxf4 33. gxh3 Kh6
34. Qf5 Rg8+ 35. Kh1 Qg7 36. Qxf4+ Kh7 37. Qf5+ Qg6 38. Qxf6 Qxf6 39. Rxf6 bxa4
40. Rxc6 Rb8 41. Rc7+ Kh6 42. Nc4 a3 43. Rc6+ Kh7 44. b4 a5 45. Ra6 axb4 46.
cxb4 Rbf8 47. Ne3 Rg3 48. Nf5 Rxf5 49. exf5 Re3 50. Nc2 Rxh3+ 51. Kg2 Rxd3 52.
Nxa3 h4 53. b5 Rd5 54. Kh3 Rxf5 55. Kxh4 Kg7 56. Kg4 Rc5 57. Kf4 Kf7 58. Ke4
Ke7 59. Kd4 Rh5 60. Kc4 Kd7 61. Nc2 Kc7 62. Rf6 Rh1 63. Ne3 Rc1+ 64. Kd5 Kb7
65. Nc4 Rh1 66. Rf7+ Kb8 67. Kc6 1-0

[Event "4NCL Division Three East"]
[Site "Daventry, ENG"]
[Date "2023.01.08"]
[Round "4.42"]
[White "Fraser-Mitchell, Jeremy N"]
[Black "Atako, Chino C"]
[Result "0-1"]
[WhiteElo "2074"]
[BlackElo "2032"]
[PlyCount "106"]
[EventDate "2023.01.08"]
[WhiteTeam "MK Phoenix 1"]
[BlackTeam "Cambridge University 2"]

1. d4 e6 2. e4 d5 3. Be3 dxe4 4. Nd2 Nf6 5. f3 Nd5 6. Qe2 c5 7. dxc5 Nxe3 8.
Qxe3 Qa5 9. Qxe4 Bxc5 10. Nh3 Nc6 11. c3 Be7 12. Bd3 e5 13. Nf2 Be6 14. O-O g6
15. Qe2 O-O 16. b4 Qc7 17. a3 Bf6 18. Nfe4 Bg7 19. Nc5 Bc8 20. Rad1 a5 21. Rfe1
Ne7 22. Bc4 Nf5 23. Bb3 axb4 24. axb4 b6 25. Nce4 Ba6 26. b5 Bb7 27. g4 Ne7 28.
c4 Kh8 29. h4 h6 30. Ng3 f5 31. gxf5 gxf5 32. Nh5 Ng6 33. Qf2 Qe7 34. Kf1 Qxh4
35. Qxh4 Nxh4 36. Nxg7 Kxg7 37. Rxe5 Bxf3 38. Nxf3 Nxf3 39. Re6 Rad8 40. Ba4
Nd2+ 41. Kf2 Nxc4 42. Rg1+ Kf7 43. Rxh6 Rd2+ 44. Kf3 Rfd8 45. Rh7+ Ke6 46. Rg6+
Kd5 47. Rgg7 Kc5 48. Rc7+ Kb4 49. Rh4 R8d3+ 50. Kf4 Rd4+ 51. Kg5 Rg2+ 52. Kh5
Rxh4+ 53. Kxh4 Rg4+ 0-1

[Event "4NCL Division Three East"]
[Site "Daventry, ENG"]
[Date "2023.01.08"]
[Round "4.43"]
[White "Blackie, Neville J"]
[Black "Freeman, Richard C P"]
[Result "1/2-1/2"]
[WhiteElo "2086"]
[BlackElo "2029"]
[PlyCount "47"]
[EventDate "2023.01.08"]
[WhiteTeam "Cambridge University 2"]
[BlackTeam "MK Phoenix 1"]

1. e4 d5 2. exd5 Nf6 3. d4 Nxd5 4. c4 Nb6 5. Be3 g6 6. h3 Bg7 7. Nc3 O-O 8. Nf3
Nc6 9. Be2 e5 10. d5 Ne7 11. Bc5 Re8 12. O-O Nf5 13. Rc1 Nd7 14. Ba3 e4 15. Ne1
Nf6 16. g4 Nh4 17. Nc2 h5 18. Ne3 Nh7 19. d6 Ng5 20. dxc7 Qxc7 21. Bd6 Qd8 22.
Kh2 Ngf3+ 23. Kh1 Ng5 24. Kh2 1/2-1/2

[Event "4NCL Division Three East"]
[Site "Daventry, ENG"]
[Date "2023.01.08"]
[Round "4.44"]
[White "Brown, Alan M"]
[Black "Webster, Peter A N"]
[Result "1/2-1/2"]
[WhiteElo "1997"]
[BlackElo "1937"]
[PlyCount "83"]
[EventDate "2023.01.08"]
[WhiteTeam "MK Phoenix 1"]
[BlackTeam "Cambridge University 2"]

1. d4 e6 2. c4 Nf6 3. Nc3 Bb4 4. Qc2 d5 5. a3 Be7 6. Nf3 O-O 7. Bg5 Nbd7 8. e3
h6 9. Bh4 a6 10. Be2 dxc4 11. Bxc4 b6 12. O-O Bb7 13. Be2 Rc8 14. Rfd1 Nd5 15.
Bxe7 Qxe7 16. Nxd5 exd5 17. Qf5 g6 18. Qf4 Kg7 19. Rac1 c5 20. Bd3 c4 21. Bb1
Rfe8 22. Qg3 Rc6 23. Bf5 Bc8 24. Bxd7 Bxd7 25. Ne5 Rd6 26. Re1 Qg5 27. Nxd7
Qxg3 28. hxg3 Rxd7 29. Kf1 b5 30. Ke2 Rb7 31. Kd2 b4 32. axb4 Rxb4 33. Rc2 Reb8
34. Ra1 R8b6 35. Ra5 R4b5 36. Rxb5 Rxb5 37. Kc1 f5 38. Rc3 Kf6 39. Ra3 a5 40.
Kc2 Ke6 41. Ra1 Kd6 42. Ra3 1/2-1/2

[Event "4NCL Division Three East"]
[Site "Daventry, ENG"]
[Date "2023.01.08"]
[Round "4.45"]
[White "Borrowdale, Graham E"]
[Black "Elwin, Adrian G"]
[Result "0-1"]
[WhiteElo "1964"]
[BlackElo "1958"]
[PlyCount "76"]
[EventDate "2023.01.08"]
[WhiteTeam "Cambridge University 2"]
[BlackTeam "MK Phoenix 1"]

1. d4 Nf6 2. Nf3 g6 3. c4 d6 4. Nc3 Bg7 5. e4 O-O 6. Be2 c6 7. O-O e5 8. Be3
Nbd7 9. dxe5 dxe5 10. h3 Qe7 11. Qc2 Nh5 12. g3 Nc5 13. Kh2 f5 14. Nh4 f4 15.
Bxc5 Qxc5 16. Bxh5 gxh5 17. Qe2 Be6 18. b3 b5 19. Rac1 bxc4 20. Na4 Qa3 21.
Rxc4 fxg3+ 22. Kxg3 Qe7 23. Nf5 Bxf5 24. exf5 Rxf5 25. Kh2 Raf8 26. Rxc6 e4 27.
Qc4+ Kh8 28. Re6 Be5+ 29. f4 exf3+ 30. Kh1 Qg5 31. Rg1 Qd2 32. Rxe5 Rxe5 33.
Qc7 Rg5 34. Rxg5 Qxg5 35. Qc3+ Qg7 36. Qxg7+ Kxg7 37. Kg1 f2+ 38. Kf1 Rf3 0-1

[Event "4NCL Division Three East"]
[Site "Daventry, ENG"]
[Date "2023.01.08"]
[Round "4.46"]
[White "Smith, Graham"]
[Black "Gooding, Ian"]
[Result "0-1"]
[WhiteElo "1914"]
[BlackElo "1941"]
[PlyCount "54"]
[EventDate "2023.01.08"]
[WhiteTeam "MK Phoenix 1"]
[BlackTeam "Cambridge University 2"]

1. e4 e6 2. d4 d5 3. e5 c5 4. c3 Nc6 5. Nf3 Bd7 6. Bd3 cxd4 7. O-O dxc3 8. Nxc3
Bc5 9. a3 a6 10. b4 Ba7 11. Bg5 f6 12. exf6 Nxf6 13. b5 axb5 14. Nxb5 Bb8 15.
Qc2 Qa5 16. Rab1 O-O 17. Bxf6 Rxf6 18. Bxh7+ Kh8 19. Ng5 Qa4 20. Qxa4 Rxa4 21.
Bc2 Rg4 22. Nh3 Ne5 23. f4 Nc4 24. Nd4 Ba7 25. Kh1 Bxd4 26. Rxb7 Bc8 27. Rb8
Rf8 0-1

[Event "4NCL Division Three East"]
[Site "Daventry, ENG"]
[Date "2023.01.08"]
[Round "4.51"]
[White "Swanson, Stephen"]
[Black "Churavin, Andrey"]
[Result "1-0"]
[WhiteElo "2196"]
[BlackElo "2134"]
[PlyCount "97"]
[EventDate "2023.01.08"]
[WhiteTeam "Poisoned Pawns"]
[BlackTeam "Hull & East Riding Tigers"]

1. e4 d6 2. Nc3 g6 3. g3 Bg7 4. Bg2 e5 5. Nge2 Nc6 6. O-O Nge7 7. Nd5 O-O 8. c4
Bg4 9. f3 Be6 10. d3 Nd4 11. Nxd4 Bxd5 12. cxd5 exd4 13. Bd2 c6 14. dxc6 Nxc6
15. b4 d5 16. f4 Qd7 17. b5 Ne7 18. Qb3 Rfe8 19. Rae1 Rad8 20. a4 Nc8 21. Ba5
Nb6 22. Bd2 Nc8 23. Ba5 Nb6 24. Bd2 Nc8 25. f5 Qd6 26. Bg5 Rd7 27. exd5 Be5 28.
fxg6 hxg6 29. a5 Ne7 30. Rxe5 Qxe5 31. Bf4 Qg7 32. b6 axb6 33. axb6 Nc8 34. Qb5
f5 35. h4 Qf7 36. Rc1 Nd6 37. Qb4 Rc8 38. Re1 Re8 39. Rc1 Rc8 40. Rc7 Rdxc7 41.
bxc7 Rxc7 42. Qxd6 Rd7 43. Qb8+ Qf8 44. Qxf8+ Kxf8 45. d6 Kf7 46. Bd5+ Kf6 47.
Kf2 Rh7 48. Ke2 Rd7 49. Kd2 1-0

[Event "4NCL Division Three East"]
[Site "Daventry, ENG"]
[Date "2023.01.08"]
[Round "4.52"]
[White "Gardiner, Eric D"]
[Black "Pickard, Charles"]
[Result "1/2-1/2"]
[WhiteElo "2014"]
[BlackElo "2172"]
[PlyCount "34"]
[EventDate "2023.01.08"]
[WhiteTeam "Hull & East Riding Tigers"]
[BlackTeam "Poisoned Pawns"]

1. e4 c5 2. c3 d5 3. exd5 Qxd5 4. d4 Nf6 5. Nf3 e6 6. Be2 a6 7. O-O Nc6 8. c4
Qd6 9. dxc5 Qxd1 10. Rxd1 Bxc5 11. Nc3 O-O 12. Bg5 h6 13. Bf4 Re8 14. Na4 Ba7
15. Bc7 e5 16. Nb6 Bxb6 17. Bxb6 Be6 1/2-1/2

[Event "4NCL Division Three East"]
[Site "Daventry, ENG"]
[Date "2023.01.08"]
[Round "4.53"]
[White "Rosen, Daniel B"]
[Black "Varley, Joe"]
[Result "1/2-1/2"]
[WhiteElo "2069"]
[BlackElo "2014"]
[PlyCount "83"]
[EventDate "2023.01.08"]
[WhiteTeam "Poisoned Pawns"]
[BlackTeam "Hull & East Riding Tigers"]

1. e4 c5 2. Nc3 e6 3. g3 Nc6 4. Bg2 g6 5. d3 Bg7 6. f4 Nge7 7. Nf3 d5 8. O-O
O-O 9. Kh1 a6 10. Qe1 b5 11. Qf2 d4 12. Nd1 e5 13. Qe2 f6 14. Nf2 Qd6 15. fxe5
fxe5 16. Bh3 Bxh3 17. Nxh3 h6 18. Bd2 Qe6 19. Kg2 c4 20. a4 cxd3 21. Qxd3 Qc4
22. Nf2 Rac8 23. axb5 axb5 24. b3 Qxd3 25. Nxd3 Ra8 26. Rfb1 g5 27. h3 Rfc8 28.
Kf1 Ng6 29. Ke2 Nd8 30. Kd1 Kf7 31. Kc1 Nb7 32. Bb4 Ke6 33. Kb2 Bf6 34. Rxa8
Rxa8 35. Ra1 Rxa1 36. Kxa1 Bd8 37. Kb2 Bb6 38. c3 dxc3+ 39. Kxc3 Bc7 40. Nc5+
Nxc5 41. Bxc5 Ba5+ 42. Kd3 1/2-1/2

[Event "4NCL Division Three East"]
[Site "Daventry, ENG"]
[Date "2023.01.08"]
[Round "4.54"]
[White "Collinson, Mark I"]
[Black "Kemp, Paul R"]
[Result "1-0"]
[WhiteElo "1994"]
[BlackElo "1963"]
[PlyCount "77"]
[EventDate "2023.01.08"]
[WhiteTeam "Hull & East Riding Tigers"]
[BlackTeam "Poisoned Pawns"]

1. d4 d5 2. c4 c6 3. cxd5 cxd5 4. Nf3 Nf6 5. Nc3 Nc6 6. Bg5 e6 7. e3 Be7 8. Rc1
Bd7 9. Bd3 h6 10. Bf4 O-O 11. g4 g5 12. Bg3 Nxg4 13. Nxg5 Bxg5 14. h4 f5 15.
hxg5 hxg5 16. Qf3 Qf6 17. Kd2 Kg7 18. Bd6 Rh8 19. Qg3 Rxh1 20. Rxh1 Rh8 21.
Rxh8 Kxh8 22. f3 Nh6 23. b4 Nf7 24. b5 Na5 25. Bb4 Qd8 26. Bxa5 Qxa5 27. Qb8+
Nd8 28. Qd6 Be8 29. e4 dxe4 30. fxe4 Kg8 31. exf5 Nf7 32. Qc5 Qd8 33. f6 b6 34.
Qe7 Qxe7 35. fxe7 Bd7 36. Ne4 Ne5 37. dxe5 Kf7 38. Nxg5+ Kxe7 39. Bc4 1-0

[Event "4NCL Division Three East"]
[Site "Daventry, ENG"]
[Date "2023.01.08"]
[Round "4.55"]
[White "McMahon, Paul"]
[Black "Larchikov, Maksym"]
[Result "1/2-1/2"]
[WhiteElo "1922"]
[BlackElo "2055"]
[PlyCount "88"]
[EventDate "2023.01.08"]
[WhiteTeam "Poisoned Pawns"]
[BlackTeam "Hull & East Riding Tigers"]

1. e4 c5 2. Nf3 d6 3. c3 Nf6 4. Be2 Nc6 5. d4 cxd4 6. cxd4 Nxe4 7. d5 Qa5+ 8.
Nc3 Nxc3 9. bxc3 Nb8 10. O-O g6 11. Be3 Bg7 12. Bd4 O-O 13. Bxg7 Kxg7 14. Qd4+
f6 15. h4 Nd7 16. Ng5 Nc5 17. Rfe1 Bd7 18. Bg4 Qd8 19. Bxd7 Qxd7 20. Ne6+ Nxe6
21. Rxe6 h5 22. Rae1 Rf7 23. Qe4 Re8 24. Re3 Kh6 25. g4 hxg4 26. Qxg4 Rg7 27.
Rh3 Rf8 28. h5 g5 29. Qf5 Rff7 30. Rg3 Qa4 31. Rg4 Qxa2 32. Rg3 Qa4 33. Re4
Qa1+ 34. Kg2 a5 35. Qd7 Qb1 36. Rge3 Qb3 37. c4 Qb4 38. Qe8 a4 39. Rxe7 Qxc4
40. R7e4 Qxd5 41. Qh8+ Rh7 42. Qg8 Qf5 43. Rxa4 Rhg7 44. Qh8+ Rh7 1/2-1/2

[Event "4NCL Division Three East"]
[Site "Daventry, ENG"]
[Date "2023.01.08"]
[Round "4.56"]
[White "Thompson, Keith"]
[Black "Judkins, Brian D"]
[Result "1-0"]
[WhiteElo "1874"]
[BlackElo "1781"]
[PlyCount "229"]
[EventDate "2023.01.08"]
[WhiteTeam "Hull & East Riding Tigers"]
[BlackTeam "Poisoned Pawns"]

1. e4 e5 2. Nf3 Nf6 3. Nxe5 d6 4. Nf3 Nxe4 5. d4 d5 6. Bd3 Be7 7. O-O Nc6 8. c3
Bg4 9. Bf4 O-O 10. Re1 Nf6 11. h3 Bh5 12. Nbd2 Re8 13. Nf1 Bg6 14. Ng3 Bxd3 15.
Qxd3 g6 16. Re2 Bf8 17. Rxe8 Nxe8 18. h4 Bd6 19. Bh6 Bf8 20. Qd2 Bg7 21. h5 Qf6
22. Bg5 Qd6 23. hxg6 hxg6 24. Re1 Nf6 25. Re2 Re8 26. Rxe8+ Nxe8 27. Qe2 Nf6
28. Ne5 Nd8 29. Qf3 c6 30. Nd3 Qe7 31. Qf4 a6 32. Qb8 Kh7 33. Nf1 Ne6 34. Qe5
Qd8 35. Bxf6 Bxf6 36. Qh2+ Kg7 37. Ne3 Be7 38. Ng4 Ng5 39. Qe5+ f6 40. Qe3 Qd7
41. Nh2 Qe6 42. Qxe6 Nxe6 43. Nf3 Bd6 44. Kf1 Kf7 45. Ke2 Nf4+ 46. Nxf4 Bxf4
47. Ne1 Ke6 48. Nd3 Bd6 49. f4 Kf5 50. Kf3 Ke6 51. Kg4 Be7 52. Kf3 Bd6 53. g4
Be7 54. Nc1 b6 55. Ne2 c5 56. Ng3 cxd4 57. cxd4 Bb4 58. f5+ gxf5 59. gxf5+ Ke7
60. Nh5 Bd2 61. Ng7 Bc1 62. b3 Bb2 63. Ne6 a5 64. a4 Kd6 65. Ke3 Bc1+ 66. Kd3
Kc6 67. Kc3 Be3 68. b4 axb4+ 69. Kxb4 Bd2+ 70. Kb3 Be1 71. Nd8+ Kd6 72. Kc2 Bf2
73. Kd3 Be1 74. Ke2 Bc3 75. Kd3 Be1 76. Ne6 Kc6 77. Nf4 Kd6 78. Ne6 Bf2 79. Ke2
Bg1 80. Kf3 Kd7 81. Kg4 Ke7 82. Kh5 Kf7 83. Nc7 Bxd4 84. Nxd5 Bc5 85. Kg4 Kg7
86. Kf4 Bf2 87. Ke4 Bg1 88. Nf4 Bf2 89. Kd5 Be3 90. Ne6+ Kh6 91. Kd6 Bd2 92.
Kc6 Be3 93. Kd7 Bd2 94. Nc7 Kg5 95. Ke6 Bc3 96. Nd5 Bd4 97. Ne7 Bc3 98. Nc8 Bd4
99. Nd6 Kh6 100. Ne4 Kg7 101. Ke7 Be5 102. Kd7 Bd4 103. Kc6 Kh6 104. Kd5 Bb2
105. Nd6 Ba3 106. Nc4 Bc5 107. Nd2 Be3 108. Ne4 Kg7 109. Nd6 Bc1 110. Nc4 Bf4
111. Nxb6 Bd2 112. Nc4 Be1 113. a5 Kf7 114. a6 Bf2 115. Nd6+ 1-0

[Event "4NCL Division Three East"]
[Site "Daventry, ENG"]
[Date "2023.01.08"]
[Round "4.61"]
[White "Smith, Olivia"]
[Black "Scott, Gordon W"]
[Result "1/2-1/2"]
[WhiteElo "2054"]
[BlackElo "2273"]
[PlyCount "81"]
[EventDate "2023.01.08"]
[WhiteTeam "Rhyfelwyr Essyllwg"]
[BlackTeam "Anglian Avengers 1"]

1. e4 e6 2. d4 d5 3. Nc3 Bb4 4. Nge2 dxe4 5. a3 Be7 6. Nxe4 Nd7 7. Be3 Ngf6 8.
N2c3 b6 9. Qf3 Nxe4 10. Qxe4 Rb8 11. O-O-O Nf6 12. Qe5 Bb7 13. d5 Bd6 14. Qd4
exd5 15. Nb5 O-O 16. Nxd6 Qxd6 17. Bf4 Qe7 18. Bb5 c5 19. Qe5 Qxe5 20. Bxe5 Ra8
21. Bxf6 gxf6 22. Rhe1 d4 23. Re7 Bd5 24. Rde1 Be6 25. Bd7 Bxd7 26. Rxd7 Rfe8
27. Ree7 Rxe7 28. Rxe7 Kf8 29. Rb7 Re8 30. Rxa7 Re2 31. Rb7 Rxf2 32. Rxb6 Rxg2
33. Rxf6 Rxh2 34. Rc6 h5 35. Rxc5 h4 36. Rh5 Kg7 37. b4 Kg6 38. Rh8 Kg7 39. Rh5
Kg6 40. Rh8 Kg7 41. Rh5 1/2-1/2

[Event "4NCL Division Three East"]
[Site "Daventry, ENG"]
[Date "2023.01.08"]
[Round "4.62"]
[White "Kanellopoulos, Panayotis"]
[Black "Hewitt, William"]
[Result "1-0"]
[WhiteElo "2272"]
[BlackElo "1978"]
[PlyCount "37"]
[EventDate "2023.01.08"]
[WhiteTeam "Anglian Avengers 1"]
[BlackTeam "Rhyfelwyr Essyllwg"]

1. c4 Nf6 2. g3 g6 3. Bg2 Bg7 4. Nc3 O-O 5. Nf3 d5 6. cxd5 Nxd5 7. Qb3 Nb6 8.
d3 Nc6 9. Be3 Be6 10. Qc2 Nd5 11. Bd2 h6 12. a3 a5 13. Ne4 Kh7 14. e3 f5 15.
Neg5+ hxg5 16. Nxg5+ Kg8 17. Nxe6 Qd6 18. Nxf8 Kxf8 19. Rd1 1-0

[Event "4NCL Division Three East"]
[Site "Daventry, ENG"]
[Date "2023.01.08"]
[Round "4.63"]
[White "Ralphs, Nigel"]
[Black "Lewis, Andrew P"]
[Result "0-1"]
[WhiteElo "1965"]
[BlackElo "2229"]
[PlyCount "66"]
[EventDate "2023.01.08"]
[WhiteTeam "Rhyfelwyr Essyllwg"]
[BlackTeam "Anglian Avengers 1"]

1. e4 c5 2. Nf3 e6 3. d4 cxd4 4. Nxd4 Nc6 5. Nc3 Qc7 6. Be2 a6 7. O-O Nf6 8.
Be3 Be7 9. f4 d6 10. Qe1 O-O 11. Qg3 Nxd4 12. Bxd4 b5 13. a3 Bb7 14. Bd3 Rad8
15. Rad1 Bc6 16. Kh1 Qb7 17. Rfe1 g6 18. e5 Nh5 19. Qf2 dxe5 20. fxe5 Bxg2+ 21.
Qxg2 Qxg2+ 22. Kxg2 Rxd4 23. Be4 Rfd8 24. Rxd4 Rxd4 25. Rd1 Rc4 26. Kf3 Rc5 27.
Rd7 Bg5 28. Ra7 Bc1 29. Rxa6 Bxb2 30. Nd1 Bxe5 31. Rc6 Bd4 32. c3 f5 33. Rxc5
fxe4+ 0-1

[Event "4NCL Division Three East"]
[Site "Daventry, ENG"]
[Date "2023.01.08"]
[Round "4.64"]
[White "Talsma, Paul"]
[Black "Heaven, Pete"]
[Result "0-1"]
[WhiteElo "2197"]
[BlackElo "1942"]
[PlyCount "96"]
[EventDate "2023.01.08"]
[WhiteTeam "Anglian Avengers 1"]
[BlackTeam "Rhyfelwyr Essyllwg"]

1. d4 Nf6 2. c4 e6 3. Nc3 Bb4 4. a3 Bxc3+ 5. bxc3 Ne4 6. e3 f5 7. Ne2 b6 8. f3
Nd6 9. Ng3 Ba6 10. Bd3 O-O 11. Qe2 Nc6 12. O-O Na5 13. e4 Bxc4 14. Bf4 Bxd3 15.
Qxd3 fxe4 16. fxe4 Qh4 17. Ne2 Qh5 18. Rf3 Qb5 19. Qc2 Qb3 20. Qd3 Qc4 21. Qe3
Qc6 22. Ng3 Nac4 23. Qe2 e5 24. Bg5 Rxf3 25. gxf3 Nf7 26. Be3 Nxe3 27. Qxe3 Qf6
28. Kh1 g6 29. Rf1 Rf8 30. f4 exf4 31. Rxf4 Qe7 32. c4 d6 33. Kg2 c5 34. Rf2
cxd4 35. Qxd4 Qe5 36. Qd3 Ng5 37. Rxf8+ Kxf8 38. Qe2 h5 39. h4 Ne6 40. Qd2 Nc5
41. Qe3 Ne6 42. Qd2 Kg7 43. Qc2 Qd4 44. Qc1 Qd3 45. Kh2 Nd4 46. Nxh5+ gxh5 47.
Qg5+ Kf7 48. Qd5+ Ke7 0-1

[Event "4NCL Division Three East"]
[Site "Daventry, ENG"]
[Date "2023.01.08"]
[Round "4.65"]
[White "Trevelyan, John"]
[Black "Peck, Silas"]
[Result "0-1"]
[WhiteElo "1882"]
[BlackElo "2075"]
[PlyCount "78"]
[EventDate "2023.01.08"]
[WhiteTeam "Rhyfelwyr Essyllwg"]
[BlackTeam "Anglian Avengers 1"]

1. d4 d5 2. Nf3 Nf6 3. c4 e6 4. Nc3 Be7 5. Bg5 O-O 6. e3 Nbd7 7. Qc2 c6 8. cxd5
Nxd5 9. Bxe7 Qxe7 10. Nxd5 exd5 11. Bd3 Nf6 12. O-O Re8 13. Qc5 Qxc5 14. dxc5
a5 15. a4 Bg4 16. Nd4 Nd7 17. Rfc1 Bh5 18. Ra3 Bg6 19. Be2 Nf6 20. Rb3 Ra7 21.
f3 Nd7 22. Kf2 h6 23. h4 h5 24. f4 Nf6 25. f5 Bh7 26. g3 Re5 27. Bd3 Ng4+ 28.
Kg1 Rxe3 29. Nxc6 Rxg3+ 30. Kf1 Rxd3 31. Ne7+ Kf8 32. Rxd3 Kxe7 33. Re1+ Kf6
34. Rxd5 Bxf5 35. Re8 Ra6 36. Rd6+ Rxd6 37. cxd6 Ne5 38. Re7 Nd7 39. Ke2 Be6
0-1